00677nam a2200241 a 4500001001300000003000900013005001700022008004100039020000800080082001300088100002100101245002400122260002700146300001000173500003500183505002100218650001900239700002100258902000800279942000700287952012400294999001700418nice12345678IN_TiNIC20260116015419.0141113s2014 aiza grp 000 0 eng  ac000a270bZAI aZaihmingthanga,  aChurch in Luke-Acts aAizawl bAuthor c2014 a270p  aincludes index and biblioraphy2 aappendix, biblio aChurch History1 aZaihmingthanga,  bSRS cBK 001040708StackRoom-aHMIbHMId2005-01-01g0.00l1o270 ZAIp11002792r2024-05-23s2024-03-28v0.00w2014-11-13yBK c19601d19601